| 000 | 01104cam a22002535a 4500 | ||
|---|---|---|---|
| 001 | L154773 | ||
| 002 | 19497 | ||
| 008 | 120118s2012 xxk f 000 0 eng d | ||
| 020 | _a9781907196409 | ||
| 035 | _a(Sirsi) u157849 | ||
| 041 | 0 | _aeng | |
| 050 | 0 | 4 | _a692.5 $2 18 |
| 110 | 2 |
_aBuilding Cost Information Service _91096 |
|
| 245 | 0 | 0 |
_aGuide to daywork rates _bcalculations of standard hourly base rates for the major trades in England, Scotland and Wales |
| 250 | _a27th ed. | ||
| 260 |
_aLondon _bBCIS _c2013 |
||
| 300 |
_a72p. _c30cm. |
||
| 505 | 2 | _aIntroduction -- Building operatives -- Plumbing operatives -- Heating and ventilating operatives -- Electrical operatives -- Plumbing operatives (Scotland) -- Electrical operatives (Scotland) -- Appendix A | |
| 520 | _aGives model calculations of standard hourly base rates, including all 2010 wage awards. Provides coverage for the main trades in England, Wales and Scotland. Includes rates from 2001 to date. | ||
| 650 | 2 | 4 | _aBCIS GUIDE TO DAYWORK RATES |
| 651 | 4 |
_aGreat Britain _y1707- |
|
| 690 |
_aCost management _96233 |
||
| 942 | _n0 | ||
| 999 |
_c114997 _d114997 |
||